Loading...
| Fine Arts - Classical Music | 2 | 25.00 | 100% | 50% | 100% |
| Fine Arts - Other Fine Arts | 2 | 15.00 | 100% | 50% | 0% |
| Fine Arts - Visual Fine Arts | 4 | 5.00 | 50% | 0% | 0% |
| Geography/Current Events | 2 | 20.00 | 100% | 100% | 0% |
| History - American History | 1 | 20.00 | 100% | 100% | 0% |
| History - European History | 2 | 15.00 | 100% | 50% | 0% |
| History - Other History | 3 | 16.67 | 100% | 67% | 0% |
| History - World History | 3 | 13.33 | 100% | 33% | 0% |
| Literature - American Literature | 3 | 13.33 | 100% | 33% | 0% |
| Literature - British Literature | 3 | 10.00 | 100% | 0% | 0% |
| Literature - European Literature | 1 | 10.00 | 100% | 0% | 0% |
| Literature - World/Other Literature | 4 | 22.50 | 175% | 0% | 50% |
| Mythology | 3 | 13.33 | 100% | 33% | 0% |
| Other Academic | 1 | 20.00 | 100% | 100% | 0% |
| Philosophy | 3 | 13.33 | 100% | 0% | 33% |
| Religion | 7 | 8.57 | 86% | 0% | 0% |
| Science - Biology | 3 | 16.67 | 100% | 67% | 0% |
| Science - Chemistry | 4 | 10.00 | 50% | 50% | 0% |
| Science - Other Science | 3 | 13.33 | 100% | 33% | 0% |
| Science - Physics | 6 | 11.67 | 100% | 17% | 0% |
| Social Science | 3 | 13.33 | 100% | 33% | 0% |